The honourable company : (Record no. 1564)

MARC details
000 -LEADER
fixed length control field 00711nam a22001937a 4500
005 - DATE AND TIME OF LATEST TRANSACTION
control field 20230918133207.0
020 ## - INTERNATIONAL STANDARD BOOK NUMBER
International Standard Book Number 9780006380726
040 ## - CATALOGING SOURCE
Original cataloging agency DLC
Transcribing agency DLC
Modifying agency DLC
Language of cataloging eng
050 00 - LIBRARY OF CONGRESS CALL NUMBER
Classification number DS465
Item number .K43 1994
082 00 - DEWEY DECIMAL CLASSIFICATION NUMBER
Classification number 954.03/1
Edition number 20
100 1# - MAIN ENTRY--PERSONAL NAME
Personal name Keay, John.
245 14 - TITLE STATEMENT
Title The honourable company :
Remainder of title a history of the English East India Company /
Statement of responsibility, etc. John Keay.
260 ## - PUBLICATION, DISTRIBUTION, ETC.
Place of publication, distribution, etc. London :
Name of publisher, distributor, etc. HarperCollins,
Date of publication, distribution, etc. 1994.
300 ## - PHYSICAL DESCRIPTION
Extent 475 pages :
Other physical details illustrations, maps ;
Dimensions 20 cm.
520 ## - SUMMARY, ETC.
Summary, etc. A history of the company from its beginnings as an association of Elizabethan tradesmen to its becoming one of the most powerful forces in the world.
906 ## - LOCAL DATA ELEMENT F, LDF (RLIN)
a 7
b cbc
c orignew
d 1
e ocip
f 19
g y-gencatlg
942 ## - ADDED ENTRY ELEMENTS (KOHA)
Source of classification or shelving scheme Dewey Decimal Classification
Koha item type Books
Suppress in OPAC No
999 ## -
-- 1564
-- 1564
Holdings
Withdrawn status Lost status Source of classification or shelving scheme Damaged status Not for loan Collection Home library Current library Shelving location Date acquired Total Checkouts Full call number Barcode Date last seen Price effective from Koha item type
    Dewey Decimal Classification     Non-Fiction Footprints International School Library Network Toul Kork Campus Footprints International School Library Network Toul Kork Campus   09/07/2023   KEA 954.031 DS465.K43 2023-0520 09/07/2023 09/07/2023 Books